African Countries That Border… - Statistics

General Stats
  • This quiz has been taken 13 times
  • The average score is 34 of 45
Answer Stats
Question Tile Select % Correct
Eswatini (Swaziland) Angola No
100%
Eswatini (Swaziland) Botswana No
100%
Republic of the Congo Chad No
100%
Republic of the Congo Democratic Republic of the Congo Yes
100%
Eswatini (Swaziland) Gabon No
100%
Algeria Mauritius No
100%
Eswatini (Swaziland) Namibia No
100%
Republic of the Congo Niger No
100%
Eswatini (Swaziland) South Africa Yes
100%
Algeria Sudan No
100%
Eswatini (Swaziland) Tanzania No
100%
Algeria Tunisia Yes
100%
Eswatini (Swaziland) Zambia No
100%
Eswatini (Swaziland) Zimbabwe No
100%
Republic of the Congo Cameroon Yes
91%
Algeria Morocco Yes
91%
Republic of the Congo Nigeria No
91%
Algeria Libya Yes
82%
Algeria Mali Yes
82%
Sierra Leone Mauritania No
82%
Sierra Leone The Gambia No
82%
Republic of the Congo Angola No
73%
Sierra Leone Burkina Faso No
73%
Algeria Chad No
73%
Republic of the Congo Equatorial Guinea No
73%
Republic of the Congo Gabon Yes
73%
Sierra Leone Guinea Yes
73%
Eswatini (Swaziland) Mozambique Yes
73%
Sierra Leone Senegal No
73%
Republic of the Congo Central African Republic Yes
64%
Sierra Leone Ghana No
64%
Sierra Leone Liberia Yes
64%
Algeria Mauritania Yes
64%
Ethiopia Tanzania No
64%
Ethiopia Burundi No
55%
Ethiopia Djibouti Yes
55%
Ethiopia Eritrea Yes
55%
Ethiopia Somalia Yes
55%
Ethiopia South Sudan Yes
55%
Sierra Leone Ivory Coast No
45%
Ethiopia Uganda No
45%
Sierra Leone Guinea Bissau No
27%
Ethiopia Kenya Yes
27%
Algeria Nigeri Yes
18%
Ethiopia Sudan Yes
18%
No matching quizzes found
Score Distribution
Percent of People with Each Score
Percentile by Number Answered
Your Score History
You have not taken this quiz